00804nam a2200193 a 450000100100000000500170001000800410002704000250006808200200009311000800011324500780019326000760027130000300034765000510037770000380042804900090046695201180047599900170059300001601020200929164233.0100223s19uu dr a 000 0 spa d aDO-SdBNPbspacBNPHU a343.0946bM294c1 aRepública Dominicana.bDirección General de Tránsito Terrestre93596010aManual del conductor /cadaptado y revisado por Silverio A. Martínez G. aSanto Domingo :bDirección General de Tránsito Terrestre,c[19--?]. a[58 p. ] :bil. ;c12 cm. 4aConducción de automóvilesxManuales9359611 aMartínez, Silverioerev.935962 aBNPD 0010718PDaPDbPDcCTd2010-02-23iLF1l0o343.0946 M294cp16010-10r2020-06-25w2020-06-25yLFPDZNo se presta c15552d15552